Statistiques concernant Carte du monde vide sans 20 pays aléatoires

Cliquez ici pour prendre le quiz!

Statistiques générales

  • Ce quiz a été pris 409 fois
  • Le résultat moyen est 14 sur 20

Réponses sur la Carte

Les réponses sont colorées sur une échelle allant du rouge au vert en fonction du pourcentage des utilisateurs qui les ont devinées à leur premier essai. Vous pouvez retrouver ces pourcentages ci-dessous.
 

Statistiques - réponses

pays% Correct
Algérie
100%
Allemagne
100%
Canada
100%
France
100%
Mongolie
100%
Suisse
100%
Argentine
97%
Chine
97%
Russie
97%
États-Unis
96%
Éthiopie
96%
Brésil
95%
Burkina Faso
95%
Libye
95%
Pérou
94%
Australie
93%
Tanzanie
93%
Colombie
92%
Pologne
92%
Rép Dém du Congo
92%
Ukraine
92%
Arabie Saoudite
90%
Italie
90%
Namibie
90%
Afghanistan
89%
Espagne
89%
Afrique du Sud
88%
Biélorussie
88%
Mauritanie
88%
Paraguay
88%
Turquie
88%
Égypte
87%
Mexique
87%
Côte d'Ivoire
86%
Kenya
84%
Sénégal
84%
Tchad
84%
Thaïlande
84%
Autriche
83%
Bénin
83%
Hongrie
83%
Indonésie
83%
Iran
83%
Mali
82%
Nicaragua
82%
Royaume-Uni
82%
Soudan
82%
Tchéquie
82%
Angola
81%
Inde
81%
Mozambique
81%
Pakistan
81%
République Centrafricaine
81%
Zambie
81%
Zimbabwe
81%
Guinée
80%
Guyana
80%
Kazakhstan
80%
Bolivie
79%
Congo
79%
Irak
79%
Norvège
79%
Venezuela
79%
Cameroun
78%
Guatemala
78%
Niger
78%
Panama
78%
Nigeria
77%
Finlande
76%
Malawi
75%
Népal
75%
Portugal
75%
Suède
75%
Suriname
75%
Uruguay
75%
Yémen
75%
Botswana
74%
Équateur
74%
Japon
74%
Ghana
73%
Maroc
73%
Ouzbékistan
71%
Papouasie-Nouvelle-Guinée
71%
Roumanie
71%
Slovaquie
71%
Chili
70%
Macédoine du Nord
70%
Ouganda
70%
Birmanie
68%
Kirghizistan
68%
Slovénie
68%
Soudan du Sud
68%
Cambodge
67%
Costa Rica
67%
Belgique
64%
Bulgarie
64%
Honduras
64%
Pays-Bas
64%
Gabon
63%
Liberia
63%
Serbie
63%
Sri Lanka
63%
Togo
63%
Bosnie-Herzégovine
61%
Croatie
61%
Émirats Arabes Unis
60%
Turkménistan
60%
Bangladesh
59%
Corée du Nord
59%
Danemark
59%
Nouvelle-Zélande
59%
Tadjikistan
59%
Tunisie
59%
Arménie
58%
Moldavie
58%
Oman
58%
Islande
55%
Corée du Sud
54%
Cuba
54%
Madagascar
54%
Sierra Leone
54%
Syrie
54%
Lettonie
52%
Grèce
50%
Malaisie
50%
Guinée-Bissau
48%
Haïti
48%
Laos
48%
Philippines
48%
Somalie
48%
Viêt Nam
47%
Érythrée
46%
Irlande
46%
Israël
46%
République Dominicaine
46%
Azerbaïdjan
45%
Jordanie
45%
Kosovo
38%
Lituanie
37%
Guinée Équatoriale
35%
Taïwan
33%
Albanie
32%
Estonie
31%
Géorgie
28%
Salvador
22%

Distribution des résultats

Percentile par nombre de réponses

% des personnes avec chaque résultat

Votre développement - résultats

Vous n’avez pas pris ce quiz